1662 1633 1083 1769 1155 1016 1328 1928 1602 1936 1662 1929 1325 1127 1481 1434 1196 1041 1008 1281 1061 1797 1467 1897 1693 1097 1242 1978 1732 1983 1843 1356 1482 1319 1209 1655 1899 1661 1176 1435 1389 1223 1558 1198 1305 1503 1597 1187 1258 1571 1107 1738 1677 1372 1956 1721 1338 1976 1144 1186 1355 1598 1549 1031 1292 1274 1827 1406 1409 1356 1584 1710 1021 1818 1860 1615 1693 1166 1999 1049 1800 1691 1334 1130 1874 1108 1563 1380 1503 1750 1202 1577 1578 1137 1941 1867 1510 1366 1653 BCNSPRNW ULIB Ver.6.0+V

เปลี่ยนเป็นภาษาไทย

Change to English
 แสดงรายละเอียดบรรณานุกรม
  กลับหน้าหลัก

Brief Record : Get Marc (ISO 2709) : E-mail record : QR code < ปิดหน้าต่าง
LEADER : 00000nam 2200000uu 4500
001    13399111218
003     ULIB
008    110620s1999||||th 000 0 eng d
020    0803601430
024     9780803604131
060 04 WY160^bT749e 1999
100    Townsend, Mary C.
245 00 Essentials of psychiatric / mental health nursing/^cTownsend Mary C.
246 30 Psychiatric & mental health nursing
260    Philadelphia :^bF.A.Davis^cc1999
300    827 p. ;^c26 cm. +^e1 computer optical disc
504    Includes bibliographical references (p. 357-358) and index
650  0 Psychiatric nursing^vOutlines, syllabi, etc
650  0 Psychiatric nursing^vExaminations, questions, etc
650  2 Nursing^vexamination questions
945    ^p0^l0^i013393
995    Kesorn
999 ^a ใช้งานได้ทุกระบบ
รายการนี้ยังไม่มีแท็ก
คุณยังไม่ได้ล็อกอิน คุณสามารถมีกิจกรรมร่วมกับเว็บไซต์ได้ แต่ต้องล็อกอินก่อน ::
  ล็อกอิน

รายการสื่อสารสนเทศ

ลำดับที่ ประเภท เลขเรียก/บาร์โค้ด สถานที่ สถานะ
- ไม่พบข้อมูล -

BibComment


ยังไม่เคยถูกคอมเมนท์

คอมเมนท์ทรัพยากรรายการนี้
  คอมเมนท์: Essentials of psy..


 Copyright 2026. Bcnsprnw @Library